Digital Electronics (Record no. 4878)

MARC details
000 -LEADER
fixed length control field 00401nam a22001697a 4500
005 - DATE AND TIME OF LATEST TRANSACTION
control field 20160630111840.0
008 - FIXED-LENGTH DATA ELEMENTS--GENERAL INFORMATION
fixed length control field 160630b xxu||||| |||| 00| 0 eng d
020 ## - INTERNATIONAL STANDARD BOOK NUMBER
ISBN 81-85749-60-4
041 ## - LANGUAGE CODE
Language code of text/sound track or separate title eng
082 ## - DEWEY DECIMAL CLASSIFICATION NUMBER
Item number 13299
100 ## - MAIN ENTRY--AUTHOR NAME
Personal name Gupta, Dr. B R & Singhal.V
245 ## - TITLE STATEMENT
Title Digital Electronics
260 ## - PUBLICATION, DISTRIBUTION, ETC. (IMPRINT)
Name of publisher Katson
Year of publication 2012
300 ## - PHYSICAL DESCRIPTION
Number of Pages 538
650 ## - SUBJECT ADDED ENTRY--TOPICAL TERM
Topical Term Diploma Engineering
942 ## - ADDED ENTRY ELEMENTS (KOHA)
Koha item type Books
Holdings
Lost status Damaged status Home library Current library Shelving location Date acquired Cost, normal purchase price Full call number Accession Number Koha item type Collection code
    JRU Library   SHELF-37-K 30/06/2016 275.00 13299 13299 Books  
    JRU Library JRU Library SHELF-58-D 30/06/2016 275.00 13299 13300 Books MINING
    JRU Library JRU Library SHELF-58-D 30/06/2016 275.00 13299 13301 Books MINING
    JRU Library     30/06/2016 275.00 13299 13302 Books  
    JRU Library JRU Library SHELF-58-D 30/06/2016 275.00 13299 13303 Books MINING
    JRU Library   SHELF-37-K 30/06/2016 275.00 13299 13304 Books  
    JRU Library   SHELF-37-K 30/06/2016 275.00 13299 13305 Books  
    JRU Library JRU Library SHELF-58-D 30/06/2016 275.00 13299 13306 Books MINING
    JRU Library   SHELF-37-K 30/06/2016 275.00 13299 13307 Books  
    JRU Library   SHELF-36-J 30/06/2016 275.00 13299 13308 Books  
    JRU Library   SHELF-37-J 30/06/2016 275.00 13299 13309 Books  
    JRU Library JRU Library SHELF-58-D 30/06/2016 275.00 13299 13310 Books MINING
    JRU Library JRU Library SHELF-58-D 30/06/2016 275.00 13299 13311 Books MINING
    JRU Library JRU Library   02/04/2026   13299   Books  
    JRU Library JRU Library   02/04/2026   13299   Books